000 01276cam a2200301 a 4500
001 12162249
003 ARRUPE
005 20160215115515.0
008 000901s2001 ilu b 001 0 eng
010 _a 00046032
020 _a0810118041 (alk. paper)
020 _a081011805X (pbk. : alk. paper)
040 _aDLC
_cDLC
_dDLC
050 0 0 _aB3279.H94
_bC76 2001
082 0 0 _a142/.78
_221
100 1 _aCrowell, Steven Galt.
_922295
245 1 0 _aHusserl, Heidegger, and the space of meaning :
_bpaths toward transcendental phenomenology /
_cSteven Galt Crowell.
260 _aEvanston, Ill. :
_bNorthwestern University Press,
_c2001.
300 _axviii, 323 p. ;
_c24 cm.
490 1 _aNorthwestern University studies in phenomenology and existential philosophy
504 _aIncludes bibliographical references (p. 305-314) and index.
600 1 0 _aHusserl, Edmund,
_d1859-1938.
_9717
600 1 0 _aHeidegger, Martin,
_d1889-1976.
_922296
830 0 _aNorthwestern University studies in phenomenology & existential philosophy.
_922297
906 _a7
_bcbc
_corignew
_d1
_eocip
_f20
_gy-gencatlg
942 _2lcc
_cMONOGRAPH
999 _c124177
_d124177